00635nam a22001695i 4500001000700000003000900007005001700016008004100033080002400074100003600098245008700134260008900221300002200310651003100332710007900363852002300442171721ES-MaACL20230906214717.0090527s1958 sp |||| | spa d a016(467.33 Villena)1 aSoler García, José María.10aBibliografía de Villena y su partido judicial / cJosé María Soler García. aAlicante : bComisión Provincial de Monumentos Históricos y Artísticos,c1958. a229 p. ; c21 cm. 4aVillena-vBibliografías.2 aComisión Provincial de Monumentos Históricos y Artísticos (Alicante) aES-MaACLjC-14712